| 000 | 00592nam a2200205Ia 4500 | ||
|---|---|---|---|
| 008 | 180523s9999 xx 000 0 und d | ||
| 020 | _a971-27-0671-0 | ||
| 050 | _aMAIN PE 1112 | ||
| 050 | _b.P74 1990 | ||
| 245 | 0 | _aPrentice-Hall grammar and composition / | |
| 245 | 0 | _cGary Forlini⦠[et al]. | |
| 260 | _aNew Jersey : | ||
| 260 | _bPrentice Hall, | ||
| 260 | _c1990 | ||
| 300 | _a880 pages : | ||
| 300 | _c22 cm. | ||
| 500 | _aIncludes index. | ||
| 650 | _aEnglish language -- Grammar -- Problems, exercises, etc. | ||
| 650 | _xEnglish language -- Composition and exercises. | ||
| 999 |
_c357349 _d357349 |
||